[Event "Prague Golden op"]
[Site "Prague"]
[Date "2022.07.13"]
[Round "5"]
[White "Rehak, Martin"]
[Black "Kosar, Milan"]
[Result "1-0"]
[WhiteElo "1993"]
[BlackElo "1538"]
[PlyCount "81"]
[EventDate "2022.07.09"]
[EventType "swiss"]
[EventRounds "9"]
[EventCountry "CZE"]
[SourceTitle "CBM 209 Extra"]
[Source "ChessBase"]
[SourceDate "2022.09.30"]
[SourceVersion "1"]
[SourceVersionDate "2022.09.30"]
[SourceQuality "1"]

1. c4 c5 2. Nc3 Nf6 3. g3 g6 4. Nf3 d5 5. cxd5 Nxd5 6. Qb3 Nxc3 7. Qxc3 f6 8. Qxc5 Bd7 9. Bg2 Bc6 10. 0-0 e5 11. Qc3 Bg7 12. d3 0-0 13. Nd2 Bxg2 14. Kxg2 Qd5+ 15. Kg1 Qd7 16. b4 Nc6 17. Qb3+ Kh8 18. Nf3 Nd4 19. Nxd4 Qxd4 20. Be3 Qd7 21. Rac1 a6 22. Rc2 h6 23. Rfc1 Rac8 24. Rxc8 Rxc8 25. Rxc8+ Qxc8 26. d4 exd4 27. Bxd4 f5 28. Be3 Qd7 29. Kg2 g5 30. f3 Bf6 31. Kf2 Kg7 32. h3 f4 33. gxf4 Qxh3 34. fxg5 Qh2+ 35. Ke1 Qg3+ 36. Kd2 Qd6+ 37. Kc1 hxg5 38. a3 Bd4 39. Bxd4+ Qxd4 40. Qb2 Qxb2+ 41. Kxb2 1-0

[Event "Prague Golden op"]
[Site "Prague"]
[Date "2021.07.10"]
[Round "1"]
[White "Trefilik, Jiri"]
[Black "Rehak, Martin"]
[Result "1/2-1/2"]
[WhiteElo "1596"]
[BlackElo "1975"]
[PlyCount "34"]
[EventDate "2021.07.10"]
[EventType "swiss"]
[EventRounds "9"]
[EventCountry "CZE"]
[SourceTitle "CBM 203 Extra"]
[Source "ChessBase"]
[SourceDate "2021.09.30"]
[SourceVersion "1"]
[SourceVersionDate "2021.09.30"]
[SourceQuality "1"]

1. e4 c5 2. Nc3 Nc6 3. f4 g6 4. Nf3 Bg7 5. Bb5 Nd4 6. d3 Nxb5 7. Nxb5 a6 8. Nc3 b5 9. 0-0 b4 10. Nd5 Bb7 11. c4 bxc3 12. Nxc3 Nh6 13. f5 0-0 14. fxg6 hxg6 15. Be3 Ng4 16. Bxc5 d6 17. Ng5 Nf6 1/2-1/2

[Event "Ricany op"]
[Site "Ricany"]
[Date "2020.08.23"]
[Round "2"]
[White "Vit, Zdenek"]
[Black "Rehak, Martin"]
[Result "1/2-1/2"]
[WhiteElo "1703"]
[BlackElo "2023"]
[PlyCount "67"]
[EventDate "2020.08.22"]
[EventType "swiss"]
[EventRounds "9"]
[EventCountry "CZE"]
[SourceTitle "CBM 198 Extra"]
[Source "ChessBase"]
[SourceDate "2020.11.30"]
[SourceVersion "1"]
[SourceVersionDate "2020.11.30"]
[SourceQuality "1"]

1. e4 c5 2. Nf3 Nc6 3. d4 cxd4 4. Nxd4 Nf6 5. Nc3 e5 6. Ndb5 d6 7. Bg5 a6 8. Na3 b5 9. Nd5 Be7 10. Bxf6 Bxf6 11. c3 0-0 12. Nc2 Rb8 13. Bd3 Bg5 14. h4 Bh6 15. Qe2 g6 16. Nce3 Be6 17. g4 f6 18. Nxf6+ Qxf6 19. g5 Bxg5 20. hxg5 Qxg5 21. 0-0-0 Qf4 22. Rdf1 Bxa2 23. Kc2 Be6 24. Nd5 Bxd5 25. exd5 Ne7 26. Be4 b4 27. Rh3 bxc3 28. bxc3 Nf5 29. Rfh1 Rb7 30. Rg1 Rfb8 31. Kd3 Rb3 32. Kc2 Rf8 33. Kd3 Nd4 34. Qh5 1/2-1/2

[Event "CZE-chT2A 1314"]
[Site "Czech Republic"]
[Date "2014.03.02"]
[Round "9.6"]
[White "Rehak, Martin"]
[Black "Janska, Jitka"]
[Result "1-0"]
[WhiteElo "2108"]
[BlackElo "1931"]
[PlyCount "85"]
[EventDate "2013.11.03"]
[EventType "team-tourn"]
[EventRounds "11"]
[EventCountry "CZE"]
[SourceTitle "EXT 2015"]
[Source "ChessBase"]
[SourceDate "2014.11.20"]
[SourceVersion "1"]
[SourceVersionDate "2014.11.20"]
[SourceQuality "1"]
[WhiteTeam "Vysehrad II"]
[BlackTeam "Klatovy"]
[WhiteTeamCountry "CZE"]
[BlackTeamCountry "CZE"]

1. c4 e6 2. g3 d5 3. Nf3 Nf6 4. Bg2 c5 5. 0-0 Nc6 6. d4 dxc4 7. dxc5 Qxd1 8. Rxd1 Bxc5 9. Nbd2 Ng4 10. e3 Nge5 11. Nxe5 Nxe5 12. b3 0-0 13. Bb2 Nd3 14. Bc3 Bb4 15. Bxb4 Nxb4 16. Nxc4 Rb8 17. Ne5 f6 18. Nd7 Bxd7 19. Rxd7 Rf7 20. Rad1 Rxd7 21. Rxd7 Nxa2 22. Bh3 e5 23. Bg2 b5 24. Bd5+ Kh8 25. Rxa7 Nc3 26. Be6 Ne4 27. Kf1 Ng5 28. Bd5 h6 29. Ke2 Rd8 30. e4 Rb8 31. h4 Nh7 32. Kd3 Nf8 33. Kc3 b4+ 34. Kc4 h5 35. Kc5 Kh7 36. Kd6 Rd8+ 37. Ke7 Rb8 38. Rb7 Rxb7+ 39. Bxb7 Ng6+ 40. Kd6 Nf8 41. Bc8 Kh6 42. Kc5 g5 43. Bf5 1-0

[Event "CZE-chT2C 1314"]
[Site "Czech Republic"]
[Date "2014.02.02"]
[Round "7.1"]
[White "Rehak, Martin"]
[Black "Forman, Stepan"]
[Result "0-1"]
[WhiteElo "2108"]
[BlackElo "2310"]
[PlyCount "60"]
[EventDate "2013.11.03"]
[EventType "team-tourn"]
[EventRounds "11"]
[EventCountry "CZE"]
[SourceTitle "EXT 2015"]
[Source "ChessBase"]
[SourceDate "2014.11.20"]
[SourceVersion "1"]
[SourceVersionDate "2014.11.20"]
[SourceQuality "1"]
[WhiteTeam "Vysehrad III"]
[BlackTeam "Ricany"]
[WhiteTeamCountry "CZE"]
[BlackTeamCountry "CZE"]

1. e4 c5 2. Nf3 e6 3. b3 Nc6 4. Bb2 a6 5. g3 d6 6. Bg2 Nf6 7. Nc3 Be7 8. 0-0 Qc7 9. d4 cxd4 10. Nxd4 Bd7 11. Nce2 e5 12. Nxc6 bxc6 13. c4 0-0 14. Nc3 Be6 15. Qe2 Rab8 16. Rad1 Qa5 17. Rd2 Rb4 18. Kh1 Nd7 19. Ba1 Nb6 20. Re1 Rb8 21. f4 f6 22. Red1 Qc5 23. Rc2 a5 24. Nd5 cxd5 25. cxd5 Bg4 26. Qd2 Nc4 27. bxc4 Bxd1 28. Qxd1 Rxc4 29. Rxc4 Qxc4 30. Qe1 Qxa2 0-1

[Event "CZE-chT1W 1112"]
[Site "Czech Republic"]
[Date "2012.02.26"]
[Round "9.4"]
[White "Rehak, Martin"]
[Black "Meduna, Eduard"]
[Result "0-1"]
[WhiteElo "2129"]
[BlackElo "2420"]
[PlyCount "78"]
[EventDate "2011.10.02"]
[EventType "team-tourn"]
[EventRounds "11"]
[EventCountry "CZE"]
[SourceTitle "EXT 2013"]
[Source "ChessBase"]
[SourceDate "2012.11.22"]
[SourceVersion "1"]
[SourceVersionDate "2012.11.22"]
[SourceQuality "1"]
[WhiteTeam "Vysehrad"]
[BlackTeam "Jicin"]
[WhiteTeamCountry "CZE"]
[BlackTeamCountry "CZE"]

1. c4 c6 2. Nf3 Nf6 3. b3 d5 4. Bb2 Bg4 5. h3 Bxf3 6. gxf3 Nbd7 7. f4 e6 8. e3 g6 9. d3 Bg7 10. Nd2 0-0 11. Nf3 c5 12. cxd5 exd5 13. Qd2 d4 14. 0-0-0 Nd5 15. Bg2 Nc3 16. Bxc3 dxc3 17. Qc2 a5 18. a4 Qe7 19. Ne5 Nxe5 20. fxe5 Bxe5 21. Bd5 Rad8 22. Bc4 Kh8 23. Rde1 Bg7 24. Kb1 Rd6 25. Qe2 Rfd8 26. Kc2 h5 27. Qf3 Rxd3 28. Rd1 Rd2+ 29. Rxd2 Rxd2+ 30. Kc1 Ra2 31. Rd1 c2 32. Rd5 f5 33. Rxf5 Bb2+ 34. Kxc2 Bf6+ 35. Kd1 Ra1+ 36. Kc2 gxf5 37. Qxh5+ Kg7 38. Qxf5 Qe8 39. Qxc5 Re1 0-1

[Event "Prague Golden op"]
[Site "Prague"]
[Date "2010.07.??"]
[Round "6"]
[White "Drabek, Vojtech"]
[Black "Rehak, Martin"]
[Result "1/2-1/2"]
[WhiteElo "2125"]
[BlackElo "2110"]
[PlyCount "50"]
[EventDate "2010.07.??"]
[EventType "swiss"]
[EventRounds "9"]
[EventCountry "CZE"]
[SourceTitle "EXT 2012"]
[Source "ChessBase"]
[SourceDate "2011.11.24"]
[SourceVersion "1"]
[SourceVersionDate "2011.11.24"]
[SourceQuality "1"]

1. e4 c5 2. Nf3 Nc6 3. d4 cxd4 4. Nxd4 Nf6 5. Nc3 e5 6. Ndb5 d6 7. Bg5 a6 8. Bxf6 gxf6 9. Na3 f5 10. Nc4 Nd4 11. Nd5 fxe4 12. Ncb6 Rb8 13. c3 Nc6 14. Qa4 f5 15. Be2 Kf7 16. g4 Ne7 17. gxf5 Bxf5 18. Qb3 Nxd5 19. Nxd5 Be6 20. Bh5+ Kg7 21. Rg1+ Kh6 22. 0-0-0 Qh4 23. Be2 Be7 24. Ne3 Qf6 25. Ng4+ Bxg4 1/2-1/2